Transformation changes in the position of the purchase of enterprise in the market of the production sphere

Vývoj funkcie nákupu. Význam nákupu v podniku. Prekážky nákupu v podniku. Transformácia funkcie nákupu. Globalizácia nákupov a informačné systémy. Marketing nákupu. Interdisciplinárne skupiny nákupu. Vzťahy s dodávateľmi. Súčasný trh vo výrobnej sfére je charakterizovaný permanentnými zmenami v obla...

Ausführliche Beschreibung

Gespeichert in:
Bibliographische Detailangaben
1. Verfasser: Kita, Jaroslav
Weitere Verfasser: Grossmanová, Marta, Kita, Pavol
Format: Buchkapitel
Sprache:Englisch
Schlagworte:
Tags: Tag hinzufügen
Keine Tags, Fügen Sie das erste Tag hinzu!

MARC

LEADER 00000naa$a2200000$$$4500
001 0049745
005 20240502083131.3
041 0 |a eng 
044 |a BG 
245 1 0 |a Transformation changes in the position of the purchase of enterprise in the market of the production sphere  |c Jaroslav Kita, Marta Grossmanová, Pavol Kita 
520 |a Vývoj funkcie nákupu. Význam nákupu v podniku. Prekážky nákupu v podniku. Transformácia funkcie nákupu. Globalizácia nákupov a informačné systémy. Marketing nákupu. Interdisciplinárne skupiny nákupu. Vzťahy s dodávateľmi. Súčasný trh vo výrobnej sfére je charakterizovaný permanentnými zmenami v oblasti nákupu. 
610 2 0 |a nákup 
610 2 0 |a transformácia 
610 2 0 |a podnik 
610 2 0 |a trh 
610 2 0 |a sféra výrobná 
610 2 0 |a globalizácia 
610 2 0 |a systémy informačné 
610 2 0 |a marketing nákupný 
610 2 0 |a vzťahy dodávateľsko-odberateľské 
100 1 |a Kita, Jaroslav 
700 1 |a Grossmanová, Marta 
700 1 |a Kita, Pavol